La enseñanza de las matemáticas en el primer grado de la escuela primaria

Uloženo v:
Podrobná bibliografie
Hlavní autor: Vidaurre M., Amanda (Autor)
Médium: Kniha
Jazyk:španělština
Vydáno: Santiago Gabinete de Documentación y Publicaciones Técnicas 1951
Edice:Por una Escuela Democrática. Guía Práctica, 2
Témata:
Tagy: Přidat tag
Žádné tagy, Buďte první, kdo vytvoří štítek k tomuto záznamu!

MARC

LEADER 00000nam a2200000 a 4500
001 UCZ5942
003 CL-VaPUC
008 951130e19510000CL |||||||||||||||||spa|d
082 0 4 |a 372.7  |b VID  |2 21 
100 0 |a Vidaurre M., Amanda  |e author  |9 350149 
245 1 3 |a La enseñanza de las matemáticas en el primer grado de la escuela primaria 
300 |a 64 p 
942 |c BK 
945 |d 19951130 00:00:00  |a rleighto 
260 |a Santiago  |b Gabinete de Documentación y Publicaciones Técnicas  |c 1951 
650 0 |a Matemática  |9 260235 
650 7 |a ESTUDIO  |2 CL-VaPUC  |9 339215 
650 0 |a Enseñanza  |9 256457 
650 0 |a Métodos de enseñanza  |9 270413 
650 7 |a ESCUELA PRIMARIA  |2 CL-VaPUC  |9 347895 
583 |a last modification  |c 19951130 00:00:00  |k Rodrigo Vera 
490 0 |a Por una Escuela Democrática. Guía Práctica, 2 
999 |c 242215  |d 242213 
952 |0 0  |1 0  |4 0  |6 372_700000000000000_VID_1951  |7 0  |8 P  |9 255006  |a BIBEDU  |b BIBEDU  |d 2019-11-19  |i 3153525  |o 372.7 VID 1951  |p 3153525  |r 2024-01-25  |w 2019-11-19  |y BK  |k EDU